| 000 | 00533nam a2200169 a 4500 | ||
|---|---|---|---|
| 005 | 20140311163038.0 | ||
| 008 | 111108s19uu xx 00 eng d | ||
| 020 | _a9781405191227 | ||
| 050 |
_aBF 698.95 _b.Ev957 2011 |
||
| 245 |
_aEvolutionary psychology : _ba critical introduction / _cedited by Viren Swami. |
||
| 260 |
_aLondon : _bBritish Psychology Society / Blackwell, _c2011. |
||
| 300 |
_a373 p. : _bill. col. ; _c26 cm. |
||
| 521 | _aPSYCH | ||
| 650 | _aEvolutionary psychology | ||
| 942 |
_cBK _2lcc _kFOR |
||
| 999 |
_c39708 _d39708 |
||